00185nam a2200073Ia 4500008004100000100001600041245003700057260001700094170817s9999 xx 000 0 und d aPANDA K. C. 0aEDUCATION OF EXCEPTIONALCHILDREN bVIKAS PUB.H.